System of occurrence of gas-containing waters of artesian wells according to region and depth in the Southern part of the Hungarian basin

Elmentve itt :
Bibliográfiai részletek
Szerző: Fehér József
Dokumentumtípus: Cikk
Megjelent: 1975
Sorozat:Acta Universitatis Szegediensis : acta geographica 15
Kulcsszavak:Földrajztudomány
Online Access:http://acta.bibl.u-szeged.hu/3149
LEADER 00718nab a2200181 i 4500
001 acta3149
005 20210603140913.0
008 161015s1975 hu o 0|| eng d
022 |a 0324-5268 
040 |a SZTE Egyetemi Kiadványok Repozitórium  |b hun 
041 |a eng 
100 1 |a Fehér József 
245 1 0 |a System of occurrence of gas-containing waters of artesian wells according to region and depth in the Southern part of the Hungarian basin  |h [elektronikus dokumentum] /  |c  Fehér József 
260 |c 1975 
300 |a 45-57 
490 0 |a Acta Universitatis Szegediensis : acta geographica  |v 15 
695 |a Földrajztudomány 
856 4 0 |u http://acta.bibl.u-szeged.hu/3149/1/geographica_015_045-057.pdf  |z Dokumentum-elérés